| 000 | 00711 a2200217 4500 | ||
|---|---|---|---|
| 020 | _a0321581741 | ||
| 020 | _a9780321581747 | ||
| 082 | _a537.1 | ||
| 090 |
_c1127 _d1127 |
||
| 100 | 1 | _aReitz, John R. | |
| 245 | 1 | 0 |
_aFoundations of electromagnetic theory / _cJohn R. Reitz, Frederick J. Milford, Robert W. Christy. |
| 250 | _a4th ed. | ||
| 260 |
_a[S.l.] : _bAddison Wesley, _c1960. |
||
| 300 |
_a630 p. ; _c23 cm. |
||
| 490 | 1 | _a4th edition. | |
| 700 | 1 | _aMilford, Frederick J. | |
| 700 | 1 | _aChristy, Robert W. | |
| 830 | 0 | _a4th edition. | |
| 942 |
_aSNS _cBK _k537.1 REI |
||
| 999 |
_c29742 _d29742 |
||